Смещение прямоугольного стыка внецентренной силой при неравномерном сжатии; Исследования по строительным конструкциям и фундаментам

書目詳細資料
Parent link:Исследования по строительным конструкциям и фундаментам.— 1979.— С. 47-49
主要作者: Максак В. И.
其他作者: Темник И. Н.
語言:俄语
出版: 1979
主題:
格式: Book Chapter
KOHA link:https://koha.lib.tpu.ru/cgi-bin/koha/opac-detail.pl?biblionumber=594839

MARC

LEADER 00000naa0a2200000 4500
001 594839
005 20250217174312.0
035 |a (RuTPU)RU\TPU\tpu\11882 
090 |a 594839 
100 |a 20040318d1979 k y0rusy50 ca 
101 0 |a rus 
102 |a RU 
200 1 |a Смещение прямоугольного стыка внецентренной силой при неравномерном сжатии  |f В. И. Максак, И. Н. Темник 
320 |a Библиогр.: 3 назв. 
463 |t Исследования по строительным конструкциям и фундаментам  |v С. 47-49  |d 1979 
610 1 |a предельные стыки 
610 1 |a смещения 
610 1 |a внецентренная сила 
610 1 |a неравномерное сжатие 
610 1 |a труды учёных ТПУ 
700 1 |a Максак  |b В. И. 
701 1 |a Темник  |b И. Н. 
801 1 |a RU  |b 63413507  |c 20040318  |g PSBO 
801 2 |a RU  |b 63413507  |c 20100407  |g RCR 
942 |c BK